Estampes for piano solo.

Bibliographic Details
Main Author: Debussy, Claude, 1862-1918
Format: Musical Score Book
Language:No linguistic content
Published: New York : Kalmus, [between 1960 and 1969?]
Edition:Original version, unedited.
Series:Kalmus piano series.
Subjects:

MARC

Tag First Indicator Second Indicator Subfields
LEADER 00000ccm a2200000M 4500
001 in00002488421
005 20151110084231.0
008 840430q19601969nyusua n zxx d
035 |a (OCoLC)ocm42218979 
035 |a (OCoLC)42218979 
040 |a WaPlP  |c OPV  |d OCLCG  |d UtOrBLW 
048 |a ka01 
049 |a TXAM 
090 |a M24.D28  |b E88 1960 
100 1 |a Debussy, Claude,  |d 1862-1918. 
240 1 0 |a Estampes 
245 1 0 |a Estampes for piano solo. 
250 |a Original version, unedited. 
264 1 |a New York :  |b Kalmus,  |c [between 1960 and 1969?] 
300 |a score (24 pages) ;  |c 31 cm. 
336 |a notated music  |b ntm  |2 rdacontent 
337 |a unmediated  |b n  |2 rdamedia 
338 |a volume  |b nc  |2 rdacarrier 
490 1 |a Kalmus piano series 
500 |a Cover title. 
505 0 |a Pagodes.--La soirée dans Grenade.--Jardins sous la pluie. 
650 0 |a Suites (Piano) 
830 0 |a Kalmus piano series. 
948 |a cataloged  |b h  |c 2009/3/25  |d c  |e cajsmith  |f 11:17:46 am 
994 |a C0  |b TXA 
999 |a MARS 
999 f f |s 76b911c8-5005-3183-b5ac-3b995a09ac83  |i 9bbbb752-2c7f-3ee2-a0e1-29cfd07d0238  |t 0 
952 f f |p ric  |a Texas A&M University  |b Rellis Campus  |c Joint Library Facility  |d Remote Storage  |t 0  |e M24.D28 E88 1960  |h Library of Congress classification  |i unmediated -- volume  |m A14838021998 
998 f f |a M24.D28 E88 1960  |t 0  |l Remote Storage